<?xml version="1.0" encoding="UTF-8"?>
<record
    xmlns:xsi="http://www.w3.org/2001/XMLSchema-instance"
    xsi:schemaLocation="http://www.loc.gov/MARC21/slim http://www.loc.gov/standards/marcxml/schema/MARC21slim.xsd"
    xmlns="http://www.loc.gov/MARC21/slim">

  <leader>00764nam a22002417a 4500</leader>
  <controlfield tag="003">OSt</controlfield>
  <controlfield tag="005">20150128154116.0</controlfield>
  <controlfield tag="008">150128b        xxu||||| |||| 00| 0 eng d</controlfield>
  <datafield tag="040" ind1=" " ind2=" ">
    <subfield code="a">DLC</subfield>
    <subfield code="b">DLC</subfield>
    <subfield code="c">DLC</subfield>
  </datafield>
  <datafield tag="050" ind1=" " ind2=" ">
    <subfield code="a">GR 360</subfield>
    <subfield code="b">.C6K63 1971</subfield>
  </datafield>
  <datafield tag="100" ind1=" " ind2=" ">
    <subfield code="9">35513</subfield>
    <subfield code="a">Knappert, Jan.</subfield>
  </datafield>
  <datafield tag="245" ind1=" " ind2=" ">
    <subfield code="a">Myths and legends of the Congo</subfield>
    <subfield code="c">Jan Knappert.</subfield>
  </datafield>
  <datafield tag="260" ind1=" " ind2=" ">
    <subfield code="a">Nairobi</subfield>
    <subfield code="a">London</subfield>
    <subfield code="a">Ibadan</subfield>
    <subfield code="b">Heinemann Educational Books</subfield>
    <subfield code="c">c1971</subfield>
  </datafield>
  <datafield tag="300" ind1=" " ind2=" ">
    <subfield code="a">xiv, 218p.</subfield>
    <subfield code="c">19cm</subfield>
  </datafield>
  <datafield tag="490" ind1=" " ind2=" ">
    <subfield code="a">African Writers Series; 83</subfield>
  </datafield>
  <datafield tag="500" ind1=" " ind2=" ">
    <subfield code="a">Africana</subfield>
  </datafield>
  <datafield tag="650" ind1=" " ind2=" ">
    <subfield code="a">Tales</subfield>
    <subfield code="z">Congo (Democratic Republic)</subfield>
    <subfield code="9">35516</subfield>
  </datafield>
  <datafield tag="650" ind1=" " ind2=" ">
    <subfield code="a">Legends</subfield>
    <subfield code="v">Congo (Democratic Republic)</subfield>
    <subfield code="9">35517</subfield>
  </datafield>
  <datafield tag="650" ind1=" " ind2=" ">
    <subfield code="a">Mythology</subfield>
    <subfield code="z">Congo</subfield>
    <subfield code="9">35518</subfield>
  </datafield>
  <datafield tag="650" ind1=" " ind2=" ">
    <subfield code="a">Legends</subfield>
    <subfield code="z">Zaire</subfield>
    <subfield code="9">35519</subfield>
  </datafield>
  <datafield tag="700" ind1=" " ind2=" ">
    <subfield code="a">Gwendolen M. Carter.</subfield>
    <subfield code="9">35522</subfield>
  </datafield>
  <datafield tag="942" ind1=" " ind2=" ">
    <subfield code="2">lcc</subfield>
    <subfield code="c">AFR(G)</subfield>
  </datafield>
  <datafield tag="999" ind1=" " ind2=" ">
    <subfield code="c">61228</subfield>
    <subfield code="d">61202</subfield>
  </datafield>
  <datafield tag="952" ind1=" " ind2=" ">
    <subfield code="0">0</subfield>
    <subfield code="1">0</subfield>
    <subfield code="2">lcc</subfield>
    <subfield code="4">0</subfield>
    <subfield code="7">0</subfield>
    <subfield code="8">GEN</subfield>
    <subfield code="a">CPL</subfield>
    <subfield code="b">CPL</subfield>
    <subfield code="c">GEN</subfield>
    <subfield code="d">2015-01-28</subfield>
    <subfield code="e">Donation</subfield>
    <subfield code="g">8.00</subfield>
    <subfield code="l">0</subfield>
    <subfield code="o">GR 360 .C6K63 1971</subfield>
    <subfield code="p">R31232J3232</subfield>
    <subfield code="r">2019-09-02 00:00:00</subfield>
    <subfield code="t">1</subfield>
    <subfield code="w">2015-01-28</subfield>
    <subfield code="y">AFR(G)</subfield>
  </datafield>
  <datafield tag="952" ind1=" " ind2=" ">
    <subfield code="0">0</subfield>
    <subfield code="1">0</subfield>
    <subfield code="2">lcc</subfield>
    <subfield code="4">0</subfield>
    <subfield code="7">0</subfield>
    <subfield code="8">SPE</subfield>
    <subfield code="a">CPL</subfield>
    <subfield code="b">CPL</subfield>
    <subfield code="c">S</subfield>
    <subfield code="d">2016-06-21</subfield>
    <subfield code="e">Donation- SIL</subfield>
    <subfield code="g">8.00</subfield>
    <subfield code="l">0</subfield>
    <subfield code="o">S GR 360 .C6K63 1971</subfield>
    <subfield code="p">R39204W3232</subfield>
    <subfield code="r">2019-09-26 00:00:00</subfield>
    <subfield code="t">2</subfield>
    <subfield code="w">2018-06-21</subfield>
    <subfield code="y">S</subfield>
  </datafield>
</record>
